Nghiên cứu dạy học bài tập chương "từ trường" vật lý 11 chương trình nâng cao theo lý thuyết phát triển bài tập vật lý Luận văn thạc sĩ giáo dục học. Chuyên ngành: Lý luận và phương pháp dạy học vật lý. Mã số: 60.14.10

Guardado en:
Detalles Bibliográficos
Autor principal: Nguyễn, Văn Công
Otros Autores: Phạm, Thị Phú (Hướng dẫn)
Formato: Tesis Conjunto Libro
Lenguaje:Vietnamese
Publicado: Vinh Đại học Vinh 2010
Materias:
Etiquetas: Agregar Etiqueta
Sin Etiquetas, Sea el primero en etiquetar este registro!
Thư viện lưu trữ: Trung tâm Học liệu Lê Vũ Hùng, Trường Đại học Đồng Tháp
LEADER 01309ppm a22002898a 4500
001 00031168
005 20171026081025.0
008 130917s2010 ||||||viesd
041 0 # |a vie 
082 1 4 |a 530.14  |b NGH305C 
100 1 # |a Nguyễn, Văn Công 
245 0 0 |a Nghiên cứu dạy học bài tập chương "từ trường" vật lý 11 chương trình nâng cao theo lý thuyết phát triển bài tập vật lý  |b Luận văn thạc sĩ giáo dục học. Chuyên ngành: Lý luận và phương pháp dạy học vật lý. Mã số: 60.14.10  |c Nguyễn Văn Công; Phạm Thị Phú (hướng dẫn) 
260 # # |a Vinh  |b Đại học Vinh  |c 2010 
300 # # |a 74 tr + phụ lục.  |c 30cm. 
500 # # |a ĐTTTS ghi: Bộ giáo dục và đào tạo. Trường Đại học Vinh 
653 # # |a Dạy học vật lí 
653 # # |a vật lý 11 
653 # # |a Từ trường 
653 # # |a Luận văn 
653 # # |a Lý thuyết phát triển 
700 1 # |a Phạm, Thị Phú  |e Hướng dẫn 
852 # # |j LV.0000297 
852 # # |b Kho đọc SĐH  |j LV.0000297 
910 |d 17/09/2013 
980 # # |a Trung tâm Học liệu Lê Vũ Hùng, Trường Đại học Đồng Tháp